| 000 | 01087nam a22002537a 4500 | ||
|---|---|---|---|
| 005 | 20101206113148.0 | ||
| 008 | 101206t xxu||||| |||| 00| 0 hin d | ||
| 010 | _aHIN-91405 | ||
| 020 |
_c200.00 _a9788177112962 |
||
| 035 | _aHN-63751 | ||
| 037 | _bDBAD/PUB | ||
| 040 |
_aDPL _bHN |
||
| 082 | _a821 | ||
| 100 |
_924598 _aशर्मा, मदनलाल |
||
| 245 |
_aनारीः _cमदनलाल शर्मा _bयत्र नार्यस्तु पूज्य न्ते रमन्ते तत्र देवता / |
||
| 260 |
_aजयपुर _bसाहित्यागार _c2010 |
||
| 270 |
_bजयपुर _aधामाणी मार्केट की गली, चौड़ा रास्ता |
||
| 300 |
_a64पृ. _c22सेमी (सजिल्द) |
||
| 650 | _91169 | ||
| 700 | _924599 | ||
| 700 | _924924 | ||
| 942 |
_2ddc _cHN _mशर्माम |
||
| 999 |
_c49552 _d49552 |
||